[Event "Ankara FIDE GP (Women)"]
[Site "Ankara"]
[Date "2012.09.18"]
[Round "3"]
[White "Yildiz Kadioglu, Betul Cemre"]
[Black "Ruan, Lufei"]
[Result "0-1"]
[WhiteElo "2341"]
[BlackElo "2492"]
[PlyCount "126"]
[EventDate "2012.09.16"]
[EventType "tourn"]
[EventRounds "11"]
[EventCountry "TUR"]
[EventCategory "10"]
[SourceTitle "CBM 151"]
[Source "ChessBase"]
[SourceDate "2012.11.13"]
[SourceVersion "1"]
[SourceVersionDate "2012.11.13"]
[SourceQuality "1"]

1. e4 c6 2. c4 d5 3. cxd5 cxd5 4. exd5 Nf6 5. Qa4+ Nbd7 6. Nc3 g6 7. Nf3 Bg7 8. Bc4 0-0 9. d3 a6 10. Qa3 b6 11. 0-0 Bb7 12. Re1 Re8 13. Bd2 b5 14. Bb3 Nb6 15. Ne4 Bxd5 16. Ba5 Bxb3 17. Qxb3 Nxe4 18. dxe4 Qb8 19. Rad1 Nc4 20. Bc3 Bxc3 21. Qxc3 Rc8 22. e5 Qb6 23. Ng5 h6 24. Nh3 b4 25. Qb3 e6 26. Nf4 Qb5 27. Qg3 Kh7 28. b3 Nb6 29. Qf3 Qc6 30. Qg4 Rd8 31. Rc1 Qe8 32. Rc7 Rd7 33. Rc6 Rd1 34. Qxd1 Qxc6 35. Qd2 a5 36. Rc1 Qe4 37. Re1 Rd8 38. Qc1 Rc8 39. Qd2 Rc2 40. Qd1 Qc6 41. h4 Qc3 42. h5 g5 43. Nd3 Nd5 44. Re2 Rxe2 45. Qxe2 Kg7 46. Kh2 Qd4 47. g3 Nc3 48. Qc2 Nxa2 49. f4 Nc3 50. Qd2 Ne4 51. Qe2 Nc5 52. Nxc5 Qxc5 53. Qd2 Qd5 54. Qe3 Qd1 55. Kg2 Qxh5 56. f5 exf5 57. e6 fxe6 58. Qxe6 Qf7 59. Qe5+ Kg6 60. Qxa5 Qxb3 61. Qa6+ Kg7 62. Qb7+ Kf6 63. Qb6+ Qe6 0-1

[Event "Jermuk FIDE GP (Women)"]
[Site "Jermuk"]
[Date "2012.07.27"]
[Round "10"]
[White "Ruan, Lufei"]
[Black "Kovalevskaya, Ekaterina"]
[Result "1/2-1/2"]
[WhiteElo "2483"]
[BlackElo "2417"]
[PlyCount "112"]
[EventDate "2012.07.16"]
[EventType "tourn"]
[EventRounds "11"]
[EventCountry "ARM"]
[EventCategory "11"]
[SourceTitle "CBM 150"]
[Source "ChessBase"]
[SourceDate "2012.09.14"]
[SourceVersion "1"]
[SourceVersionDate "2012.09.14"]
[SourceQuality "1"]

1. e4 c5 2. Nf3 d6 3. d4 cxd4 4. Nxd4 Nf6 5. Nc3 Nc6 6. Bg5 e6 7. Qd2 Be7 8. 0-0-0 0-0 9. f4 h6 10. Bh4 Nxd4 11. Qxd4 Qa5 12. Bc4 e5 13. fxe5 dxe5 14. Qd3 Bg4 15. Bxf6 Bxf6 16. Rdf1 Bh4 17. Kb1 Qc5 18. g3 Be7 19. h3 Be6 20. Nd5 Rac8 21. Bb3 Bd8 22. Rf3 b5 23. Qe3 Qxe3 24. Nxe3 Bb6 25. Nd5 Bc5 26. g4 Rfd8 27. a3 Rd7 28. Rc3 Rb7 29. Rd1 Kf8 30. Ba2 Rbb8 31. Rf3 Ke8 32. b4 Bf8 33. Kb2 Rc6 34. Rc3 Rbc8 35. Rxc6 Rxc6 36. Bb3 Be7 37. c3 Bd8 38. c4 a6 39. cxb5 axb5 40. a4 Rc8 41. a5 Bd7 42. Ra1 Bc6 43. a6 Ra8 44. Ra2 Kd7 45. Kc2 Ra7 46. Kc3 f6 47. h4 Kc8 48. h5 Kb8 49. Kd3 Bd7 50. Ne3 Bb6 51. Nf5 Bxf5 52. gxf5 Rc7 53. Bd5 Ka7 54. Rg2 Bd4 55. Rc2 Rxc2 56. Kxc2 Kxa6 1/2-1/2

[Event "Jermuk FIDE GP (Women)"]
[Site "Jermuk"]
[Date "2012.07.26"]
[Round "9"]
[White "Ruan, Lufei"]
[Black "Zhao, Xue"]
[Result "1-0"]
[WhiteElo "2483"]
[BlackElo "2556"]
[PlyCount "97"]
[EventDate "2012.07.16"]
[EventType "tourn"]
[EventRounds "11"]
[EventCountry "ARM"]
[EventCategory "11"]
[SourceTitle "CBM 150"]
[Source "ChessBase"]
[SourceDate "2012.09.14"]
[SourceVersion "1"]
[SourceVersionDate "2012.09.14"]
[SourceQuality "1"]

1. e4 e5 2. Nf3 Nc6 3. d4 exd4 4. Nxd4 Nf6 5. Nxc6 bxc6 6. e5 Qe7 7. Qe2 Nd5 8. c4 Ba6 9. b3 g6 10. g3 Bg7 11. Bb2 0-0 12. Bg2 Rae8 13. 0-0 Nb6 14. Re1 f6 15. e6 Qd6 16. Ba3 c5 17. Nc3 Rxe6 18. Ne4 Qe7 19. Qd2 d6 20. Nxc5 dxc5 21. Qa5 f5 22. Bxc5 Rxe1+ 23. Rxe1 Bc3 24. Bxe7 Bxa5 25. b4 Bxb4 26. Bxb4 Rd8 27. c5 Nd5 28. Ba5 Bc4 29. Rd1 Rd7 30. c6 Rd6 31. Bxc7 Rxc6 32. Rc1 Nxc7 33. Bxc6 Bxa2 34. Ra1 Bc4 35. Rxa7 Ne6 36. Ra4 Bb3 37. Rb4 Ba2 38. Bb5 Bd5 39. Bc4 Bxc4 40. Rxc4 Kg7 41. f4 Kf6 42. Kf2 h6 43. Rc6 Kf7 44. Ke3 h5 45. h4 Nf8 46. Kd4 Nd7 47. Kd5 Nf6+ 48. Rxf6+ Kxf6 49. Kd6 1-0

[Event "Jermuk FIDE GP (Women)"]
[Site "Jermuk"]
[Date "2012.07.25"]
[Round "8"]
[White "Hou, Yifan"]
[Black "Ruan, Lufei"]
[Result "1-0"]
[WhiteElo "2617"]
[BlackElo "2483"]
[PlyCount "79"]
[EventDate "2012.07.16"]
[EventType "tourn"]
[EventRounds "11"]
[EventCountry "ARM"]
[EventCategory "11"]
[SourceTitle "CBM 150"]
[Source "ChessBase"]
[SourceDate "2012.09.14"]
[SourceVersion "1"]
[SourceVersionDate "2012.09.14"]
[SourceQuality "1"]

1. e4 e5 2. Nf3 Nc6 3. Bb5 a6 4. Ba4 Nf6 5. d3 b5 6. Bb3 Bc5 7. c3 d6 8. 0-0 h6 9. Be3 0-0 10. Nbd2 Re8 11. h3 Rb8 12. d4 Bb6 13. Bc2 Bd7 14. Re1 Qc8 15. a3 Na5 16. b4 exd4 17. Bxd4 Bxd4 18. cxd4 Nc4 19. Nxc4 bxc4 20. Nd2 Bb5 21. Qf3 Qe6 22. Rab1 d5 23. e5 Nh7 24. Nf1 Ng5 25. Qc3 f5 26. h4 Ne4 27. Qh3 Bd7 28. Rbc1 Qf7 29. Qe3 Nf6 30. Qf3 Ng4 31. Qf4 h5 32. Ng3 Rf8 33. f3 Nh6 34. Qg5 Be8 35. e6 Qg6 36. Re5 c6 37. Ne2 Kh7 38. Nf4 Qxg5 39. hxg5 Ng8 40. e7 1-0

[Event "Jermuk FIDE GP (Women)"]
[Site "Jermuk"]
[Date "2012.07.19"]
[Round "3"]
[White "Ruan, Lufei"]
[Black "Mkrtchian, Lilit"]
[Result "1-0"]
[WhiteElo "2483"]
[BlackElo "2450"]
[PlyCount "85"]
[EventDate "2012.07.16"]
[EventType "tourn"]
[EventRounds "11"]
[EventCountry "ARM"]
[EventCategory "11"]
[SourceTitle "CBM 150"]
[Source "ChessBase"]
[SourceDate "2012.09.14"]
[SourceVersion "1"]
[SourceVersionDate "2012.09.14"]
[SourceQuality "1"]

1. e4 c5 2. Nf3 e6 3. d4 cxd4 4. Nxd4 Nc6 5. Nc3 Qc7 6. Be2 a6 7. 0-0 Nf6 8. Be3 Bb4 9. Na4 Be7 10. Nxc6 bxc6 11. Nb6 Rb8 12. Nxc8 Qxc8 13. Bd4 c5 14. Be5 Rb6 15. Qd3 d6 16. Bc3 0-0 17. b3 d5 18. exd5 Nxd5 19. Be5 Bf6 20. Bxf6 Nxf6 21. Rad1 h6 22. Rd2 Qc7 23. Rfd1 g6 24. h3 e5 25. Qe3 Kg7 26. a4 Re8 27. Bc4 Rc6 28. Qe2 Qb6 29. Qf3 Re7 30. Rd8 Qc7 31. Ra8 Rd7 32. Rxa6 Rxa6 33. Bxa6 Rxd1+ 34. Qxd1 Qa5 35. Bc4 Qc3 36. Qe2 Qa1+ 37. Kh2 e4 38. Qe3 Qe5+ 39. Qg3 Qe7 40. a5 e3 41. Qxe3 Qc7+ 42. g3 Qxa5 43. Qe7 1-0

[Event "Shenzhen FIDE GP (Women)"]
[Site "Shenzhen"]
[Date "2011.09.19"]
[Round "11"]
[White "Ruan, Lufei"]
[Black "Tan, Zhongyi"]
[Result "1/2-1/2"]
[WhiteElo "2477"]
[BlackElo "2429"]
[PlyCount "112"]
[EventDate "2011.09.07"]
[EventType "tourn"]
[EventRounds "11"]
[EventCountry "CHN"]
[EventCategory "10"]
[SourceTitle "CBM 145"]
[Source "ChessBase"]
[SourceDate "2011.11.11"]
[SourceVersion "1"]
[SourceVersionDate "2011.11.11"]
[SourceQuality "1"]

1. e4 d6 2. d4 Nf6 3. Nc3 g6 4. Nf3 Bg7 5. h3 0-0 6. Be3 c6 7. Qd2 Nbd7 8. Bd3 e5 9. 0-0 Re8 10. Rfe1 exd4 11. Nxd4 Nc5 12. Bh6 Nxd3 13. cxd3 Bxh6 14. Qxh6 Qb6 15. Nb3 Be6 16. Qf4 Nh5 17. Qe3 Bxb3 18. Qxb6 axb6 19. axb3 Nf4 20. Rad1 b5 21. b4 d5 22. g3 Nxh3+ 23. Kg2 Ng5 24. exd5 cxd5 25. Nxd5 Rxe1 26. Rxe1 Rd8 27. Nf4 f6 28. Re7 b6 29. Rb7 Rd6 30. Ne2 Rxd3 31. Rxb6 Rd2 32. Nc3 Rxb2 33. Rxb5 f5 34. Na4 Ra2 35. Nc5 Rb2 36. Rb7 Ne4 37. Nxe4 fxe4 38. Kg1 h5 39. b5 g5 40. b6 h4 41. gxh4 gxh4 42. Re7 Rxb6 43. Rxe4 Kf7 44. Rxh4 Kg6 45. Kg2 Kg5 46. Ra4 Rb3 47. f3 Rb2+ 48. Kg3 Rb5 49. Ra8 Kf5 50. Rh8 Kg5 51. f4+ Kg6 52. Kg4 Ra5 53. Rf8 Kg7 54. Rb8 Kf6 55. Rb6+ Kf7 56. f5 Ra1 1/2-1/2

[Event "Rostov on Don FIDE GP (Women)"]
[Site "Rostov on Don"]
[Date "2011.08.12"]
[Round "9"]
[White "Muzychuk, Anna"]
[Black "Ruan, Lufei"]
[Result "1-0"]
[WhiteElo "2538"]
[BlackElo "2479"]
[PlyCount "123"]
[EventDate "2011.08.02"]
[EventType "tourn"]
[EventRounds "11"]
[EventCountry "RUS"]
[EventCategory "12"]
[SourceTitle "CBM 144"]
[Source "ChessBase"]
[SourceDate "2011.09.16"]
[SourceVersion "1"]
[SourceVersionDate "2011.09.16"]
[SourceQuality "1"]

1. e4 e5 2. Nf3 Nc6 3. Bb5 Nf6 4. d3 Bc5 5. Bxc6 dxc6 6. Bg5 Qd6 7. Nbd2 Be6 8. Bxf6 gxf6 9. Nc4 Bxc4 10. dxc4 Rg8 11. 0-0 0-0-0 12. Qe2 Qe6 13. Rad1 Qg4 14. g3 f5 15. Rxd8+ Rxd8 16. Re1 f6 17. Kg2 fxe4 18. Qxe4 Qxe4 19. Rxe4 Rd1 20. Re1 Rxe1 21. Nxe1 Kd7 22. Nd3 Bf8 23. g4 Ke6 24. f4 e4 25. f5+ Kd6 26. Nf4 Bh6 27. Ne6 Be3 28. Kf1 b5 29. b3 bxc4 30. bxc4 h6 31. Ke2 Bc1 32. h3 Bg5 33. Kf2 Bc1 34. Kg3 Be3 35. Kg2 Bc1 36. Kf2 Bd2 37. Kg3 Be3 38. a4 a5 39. Kg2 Bc1 40. Kf2 Bd2 41. Nd4 Bc3 42. Ne6 Bd2 43. Ke2 Bg5 44. Ke1 Be3 45. Kd1 Bg5 46. Ke2 Bc1 47. h4 Bb2 48. Ke3 Ke5 49. Nd8 Bd4+ 50. Ke2 Bc5 51. Nf7+ Kf4 52. Nxh6 Bf8 53. Ng8 Kxg4 54. Nxf6+ Kxf5 55. Nd7 Be7 56. h5 Ke6 57. Nb8 Kd6 58. h6 Bf6 59. h7 Bd4 60. Na6 Ke7 61. Nc5 Bh8 62. Nb7 1-0

[Event "Rostov on Don FIDE GP (Women)"]
[Site "Rostov on Don"]
[Date "2011.08.09"]
[Round "7"]
[White "Kosteniuk, Alexandra"]
[Black "Ruan, Lufei"]
[Result "1/2-1/2"]
[WhiteElo "2497"]
[BlackElo "2479"]
[PlyCount "94"]
[EventDate "2011.08.02"]
[EventType "tourn"]
[EventRounds "11"]
[EventCountry "RUS"]
[EventCategory "12"]
[SourceTitle "CBM 144"]
[Source "ChessBase"]
[SourceDate "2011.09.16"]
[SourceVersion "1"]
[SourceVersionDate "2011.09.16"]
[SourceQuality "1"]

1. e4 e5 2. Nf3 Nc6 3. Bb5 Nf6 4. d3 Bc5 5. 0-0 d6 6. c3 0-0 7. Nbd2 Bb6 8. Nc4 Ne7 9. Nxb6 axb6 10. Ba4 Ng6 11. Bc2 h6 12. h3 Re8 13. Re1 Be6 14. a3 d5 15. d4 dxe4 16. Nxe5 Nxe5 17. dxe5 Qxd1 18. Rxd1 Nd7 19. Bxe4 Nc5 20. Re1 Nxe4 21. Rxe4 Bf5 22. Re2 Red8 23. Be3 Rd5 24. g4 Be6 25. f4 Rd3 26. Kf2 Rad8 27. Ree1 Bb3 28. a4 Ra8 29. Ra3 Bd1 30. f5 h5 31. Ra1 Rad8 32. gxh5 Bxh5 33. a5 bxa5 34. Rxa5 R3d5 35. Rxd5 Rxd5 36. Bf4 f6 37. Re4 fxe5 38. Bxe5 c6 39. Kg3 Kf7 40. Kh4 Bd1 41. Re1 Bc2 42. Kg5 Rd1 43. Re3 Rf1 44. Bf4 Rg1+ 45. Rg3 Rxg3+ 46. Bxg3 b5 47. Kf4 g6 1/2-1/2

[Event "Rostov on Don FIDE GP (Women)"]
[Site "Rostov on Don"]
[Date "2011.08.04"]
[Round "3"]
[White "Koneru, Humpy"]
[Black "Ruan, Lufei"]
[Result "1-0"]
[WhiteElo "2614"]
[BlackElo "2479"]
[PlyCount "97"]
[EventDate "2011.08.02"]
[EventType "tourn"]
[EventRounds "11"]
[EventCountry "RUS"]
[EventCategory "12"]
[SourceTitle "CBM 144"]
[Source "ChessBase"]
[SourceDate "2011.09.16"]
[SourceVersion "1"]
[SourceVersionDate "2011.09.16"]
[SourceQuality "1"]

1. Nf3 d5 2. c4 c6 3. e3 Nf6 4. Nc3 e6 5. b3 Nbd7 6. Bb2 Bd6 7. Be2 Qe7 8. Qc2 0-0 9. 0-0 Ba3 10. Bxa3 Qxa3 11. d4 Qe7 12. e4 dxe4 13. Nxe4 c5 14. Rad1 cxd4 15. Nxd4 Nxe4 16. Qxe4 Qc5 17. Nb5 Nf6 18. Qe3 Qxe3 19. fxe3 Bd7 20. Nd6 b6 21. Bf3 Rab8 22. Rd2 Rfd8 23. b4 Kf8 24. c5 bxc5 25. bxc5 Ke7 26. Rc1 Be8 27. e4 Bc6 28. e5 Nd5 29. Be4 f6 30. exf6+ gxf6 31. Re1 Kd7 32. Bxh7 Rb4 33. Bg6 Rdb8 34. Bf7 Nf4 35. Bxe6+ Nxe6 36. Nf5+ Kc7 37. Rxe6 Rb1+ 38. Kf2 R8b2 39. Re7+ Kb8 40. Ree2 Rxd2 41. Rxd2 Rc1 42. Nd4 Rxc5 43. Nxc6+ Rxc6 44. Kg3 a5 45. h4 a4 46. Rd4 Rc3+ 47. Kh2 a3 48. h5 f5 49. h6 1-0

[Event "World-ch (Women) k.o."]
[Site "Antakya"]
[Date "2010.12.24"]
[Round "6.8"]
[White "Hou, Yifan"]
[Black "Ruan, Lufei"]
[Result "1-0"]
[WhiteElo "2591"]
[BlackElo "2480"]
[PlyCount "83"]
[EventDate "2010.12.04"]
[EventType "k.o."]
[EventRounds "6"]
[EventCountry "TUR"]
[SourceTitle "CBM 140"]
[Source "ChessBase"]
[SourceDate "2011.01.18"]
[SourceVersion "1"]
[SourceVersionDate "2011.01.18"]
[SourceQuality "1"]

1. e4 e5 2. Nf3 Nc6 3. Bb5 Nd4 4. Nxd4 exd4 5. 0-0 Bc5 6. Bc4 d6 7. c3 Ne7 8. d3 0-0 9. Bg5 Kh8 10. Nd2 f6 11. Bh4 c6 12. Qe2 d5 13. Bb3 dxc3 14. bxc3 d4 15. cxd4 Bxd4 16. Rad1 Ng6 17. Bg3 Ne5 18. h3 a5 19. a4 Qe7 20. Kh1 c5 21. f4 Nc6 22. Nf3 Be6 23. Bxe6 Qxe6 24. Rb1 Qd7 25. Rfd1 Rfc8 26. Rb5 Nb4 27. Be1 b6 28. Nxd4 Qxd4 29. Bf2 Qd6 30. e5 fxe5 31. fxe5 Qe6 32. d4 c4 33. d5 Qf5 34. d6 Nd3 35. Bxb6 Re8 36. Qg4 Qf7 37. d7 Re7 38. e6 Rxe6 39. Qxc4 Qxd7 40. Rxd3 Re1+ 41. Kh2 Qe7 42. Qc7 1-0

[Event "World-ch (Women) k.o."]
[Site "Antakya"]
[Date "2010.12.23"]
[Round "6.4"]
[White "Ruan, Lufei"]
[Black "Hou, Yifan"]
[Result "1-0"]
[WhiteElo "2480"]
[BlackElo "2591"]
[PlyCount "93"]
[EventDate "2010.12.04"]
[EventType "k.o."]
[EventRounds "6"]
[EventCountry "TUR"]
[SourceTitle "CBM 140"]
[Source "ChessBase"]
[SourceDate "2011.01.18"]
[SourceVersion "1"]
[SourceVersionDate "2011.01.18"]
[SourceQuality "1"]

1. e4 c5 2. Nf3 e6 3. d4 cxd4 4. Nxd4 Nf6 5. Nc3 d6 6. g4 h6 7. h4 Nc6 8. Rg1 d5 9. exd5 Nxd5 10. Nxd5 Qxd5 11. Bg2 Qe5+ 12. Be3 Qh2 13. f4 Bd7 14. Qd2 Nxd4 15. 0-0-0 Bc5 16. Bxd4 Bxd4 17. Qxd4 0-0-0 18. Qc4+ Kb8 19. Qe4 Bc8 20. h5 Ka8 21. a4 Rd5 22. Rdf1 Qh4 23. Qc4 Rd7 24. a5 Qd8 25. a6 Qa5 26. Kb1 Kb8 27. axb7 Bxb7 28. Bxb7 Rxb7 29. Qd4 Ka8 30. Rf3 Rhb8 31. b3 f6 32. Rd1 Qb4 33. Qe3 Rb6 34. Rd4 Qe7 35. Qd3 R6b7 36. Re3 Re8 37. Rd6 e5 38. fxe5 fxe5 39. Re4 Qc7 40. Rd5 Qb8 41. Rc4 Rf8 42. Kb2 Qe8 43. Rdc5 Qe6 44. Qe4 Kb8 45. Rxe5 Qf6 46. Rc6 Qf7 47. Rf5 1-0

[Event "World-ch (Women) k.o."]
[Site "Antakya"]
[Date "2010.12.18"]
[Round "5.3"]
[White "Ruan, Lufei"]
[Black "Zhao, Xue"]
[Result "1/2-1/2"]
[WhiteElo "2480"]
[BlackElo "2474"]
[PlyCount "73"]
[EventDate "2010.12.04"]
[EventType "k.o."]
[EventRounds "6"]
[EventCountry "TUR"]
[SourceTitle "CBM 139 Extra"]
[Source "ChessBase"]
[SourceDate "2011.01.05"]
[SourceVersion "1"]
[SourceVersionDate "2011.01.05"]
[SourceQuality "1"]

1. e4 Nf6 2. e5 Nd5 3. d4 d6 4. c4 Nb6 5. f4 Bf5 6. Nc3 e6 7. Be3 Be7 8. Nf3 0-0 9. Be2 dxe5 10. fxe5 f6 11. 0-0 Nc6 12. exf6 Bxf6 13. Qd2 Qe8 14. Bg5 Bxg5 15. Qxg5 Rd8 16. Rad1 h6 17. Qe3 Qe7 18. b3 Nd7 19. h3 Rfe8 20. Bd3 Bxd3 21. Rxd3 Nf6 22. Rdd1 a6 23. Rfe1 Qd6 24. Ne4 Nxe4 25. Qxe4 Qf8 26. Rf1 Qd6 27. Kh1 Rf8 28. Rfe1 Rf6 29. Ne5 Nxd4 30. Ng4 Rf5 31. Rxd4 Qxd4 32. Qxe6+ Rf7 33. Ne5 Qf2 34. Nxf7 Qxf7 35. Qe7 Rd7 36. Qe4 c6 37. Qe2 1/2-1/2

[Event "World-ch (Women) k.o."]
[Site "Antakya"]
[Date "2010.12.15"]
[Round "4.4"]
[White "Ruan, Lufei"]
[Black "Harika, Dronavalli"]
[Result "1/2-1/2"]
[WhiteElo "2480"]
[BlackElo "2525"]
[PlyCount "98"]
[EventDate "2010.12.04"]
[EventType "k.o."]
[EventRounds "6"]
[EventCountry "TUR"]
[SourceTitle "CBM 139 Extra"]
[Source "ChessBase"]
[SourceDate "2011.01.05"]
[SourceVersion "1"]
[SourceVersionDate "2011.01.05"]
[SourceQuality "1"]

1. e4 g6 2. d4 Bg7 3. Nc3 c6 4. Nf3 d6 5. h3 Nf6 6. Be3 0-0 7. Bd3 b5 8. 0-0 a6 9. Ne2 Bb7 10. Ng3 Nbd7 11. a4 e5 12. c3 Re8 13. axb5 axb5 14. dxe5 dxe5 15. Qc2 Bf8 16. b4 Qc7 17. Nd2 h5 18. Nb3 h4 19. Ne2 Nh5 20. Bg5 Be7 21. Bxe7 Rxe7 22. Rxa8+ Bxa8 23. Qd2 Nf4 24. Ra1 Bb7 25. Nxf4 exf4 26. f3 c5 27. Bxb5 cxb4 28. c4 Nf6 29. Rd1 Kg7 30. Qd6 Bc8 31. Qxc7 Rxc7 32. Rb1 Nh5 33. Kf2 Ng3 34. Nc1 f5 35. e5 Bd7 36. Bxd7 Rxd7 37. Ke1 g5 38. Rxb4 g4 39. Ne2 Ra7 40. Nxf4 Ra1+ 41. Kd2 Nf1+ 42. Kc3 gxf3 43. gxf3 Ra3+ 44. Rb3 Rxb3+ 45. Kxb3 Nd2+ 46. Kc3 Nxf3 47. e6 Kf6 48. c5 Ng5 49. Kd4 Nxe6+ 1/2-1/2

[Event "World-ch (Women) k.o."]
[Site "Antakya"]
[Date "2010.12.14"]
[Round "4.2"]
[White "Ruan, Lufei"]
[Black "Harika, Dronavalli"]
[Result "1/2-1/2"]
[WhiteElo "2480"]
[BlackElo "2525"]
[PlyCount "76"]
[EventDate "2010.12.04"]
[EventType "k.o."]
[EventRounds "6"]
[EventCountry "TUR"]
[SourceTitle "CBM 139 Extra"]
[Source "ChessBase"]
[SourceDate "2011.01.05"]
[SourceVersion "1"]
[SourceVersionDate "2011.01.05"]
[SourceQuality "1"]

1. e4 c5 2. Nf3 Nc6 3. Nc3 d6 4. d4 cxd4 5. Nxd4 Nf6 6. Bg5 Bd7 7. Qd2 h6 8. Bxf6 gxf6 9. 0-0-0 Nxd4 10. Qxd4 Qa5 11. f4 Rc8 12. Kb1 Bg7 13. f5 Qc5 14. Qd3 h5 15. Be2 h4 16. g3 Bh6 17. Rhf1 Qe3 18. gxh4 Qxd3 19. cxd3 Rg8 20. Rg1 Rxg1 21. Rxg1 Kf8 22. Bd1 e6 23. Bg4 Ke7 24. a3 b5 25. Rg2 a5 26. Rc2 b4 27. axb4 axb4 28. Ne2 Rg8 29. h3 Bb5 30. Rc7+ Kd8 31. Rxf7 exf5 32. exf5 Bxd3+ 33. Ka1 Re8 34. Rxf6 Kc7 35. Ka2 Bc4+ 36. Kb1 Bd3+ 37. Ka2 Bc4+ 38. Kb1 Bd3+ 1/2-1/2

[Event "World-ch (Women) k.o."]
[Site "Antakya"]
[Date "2010.12.13"]
[Round "4.1"]
[White "Harika, Dronavalli"]
[Black "Ruan, Lufei"]
[Result "1/2-1/2"]
[WhiteElo "2525"]
[BlackElo "2480"]
[PlyCount "81"]
[EventDate "2010.12.04"]
[EventType "k.o."]
[EventRounds "6"]
[EventCountry "TUR"]
[SourceTitle "CBM 139 Extra"]
[Source "ChessBase"]
[SourceDate "2011.01.05"]
[SourceVersion "1"]
[SourceVersionDate "2011.01.05"]
[SourceQuality "1"]

1. Nf3 d5 2. g3 Nf6 3. Bg2 c6 4. c4 Bf5 5. cxd5 cxd5 6. Qb3 Qb6 7. Nc3 e6 8. d3 Nc6 9. 0-0 Be7 10. Be3 Qxb3 11. axb3 a6 12. Nd4 Nxd4 13. Bxd4 Bg6 14. e4 dxe4 15. dxe4 Rd8 16. Bb6 Rd2 17. Rab1 0-0 18. Rfd1 Rd7 19. Rbc1 Bh5 20. f3 Bb4 21. g4 Bg6 22. Bf1 h6 23. h4 Rc8 24. h5 Bxc3 25. bxc3 Bh7 26. c4 e5 27. b4 Re7 28. b5 Re6 29. Bf2 g6 30. hxg6 Bxg6 31. bxa6 Rxa6 32. Rb1 Ra3 33. Rd3 Rxd3 34. Bxd3 Rc7 35. Be3 h5 36. g5 Nd7 37. Rb5 f6 38. gxf6 Bf7 39. f4 Bxc4 40. Bxc4+ Rxc4 41. Rxb7 1/2-1/2

[Event "Maotai Prince Cup Queens"]
[Site "Jinzhou"]
[Date "2009.09.24"]
[Round "7"]
[White "Ju, Wenjun"]
[Black "Ruan, Lufei"]
[Result "1/2-1/2"]
[WhiteElo "2443"]
[BlackElo "2486"]
[PlyCount "101"]
[EventDate "2009.09.17"]
[EventType "tourn"]
[EventRounds "7"]
[EventCountry "CHN"]
[EventCategory "10"]
[SourceTitle "CBM 132 Extra"]
[Source "ChessBase"]
[SourceDate "2009.11.03"]
[SourceVersion "1"]
[SourceVersionDate "2009.11.03"]
[SourceQuality "1"]

1. Nf3 d5 2. g3 Nf6 3. Bg2 c6 4. 0-0 Bg4 5. d3 Nbd7 6. Nbd2 e5 7. h3 Bh5 8. e4 dxe4 9. dxe4 Be7 10. Qe1 0-0 11. Nc4 Qc7 12. Bd2 Ne8 13. a4 Rd8 14. Be3 f6 15. Qc3 b5 16. Na5 b4 17. Qc4+ Bf7 18. Qa6 Nb6 19. Nd2 c5 20. Rfc1 Nc8 21. c3 Rd6 22. Qb7 Qxa5 23. Qxc8 bxc3 24. Rxc3 Rd8 25. Qb7 Bd6 26. Nc4 Bxc4 27. Rxc4 Rf7 28. Qc6 Qb6 29. Qxb6 axb6 30. b4 Rc7 31. a5 b5 32. Rxc5 Bxc5 33. Bxc5 Rc6 34. a6 Ra8 35. a7 Nc7 36. Bf1 Kf7 37. Ra5 Ke6 38. Bxb5 Rxc5 39. bxc5 Nxb5 40. Rxb5 Rxa7 41. Kg2 Kd7 42. Rb8 Rc7 43. Rb5 Ra7 44. Kf3 Kc6 45. Rb8 Kxc5 46. Rh8 g6 47. Rf8 Ra3+ 48. Kg2 Ra6 49. Kf3 Ra3+ 50. Kg2 Ra6 51. Kf3 1/2-1/2

[Event "Maotai Prince Cup Queens"]
[Site "Jinzhou"]
[Date "2009.09.23"]
[Round "6"]
[White "Ruan, Lufei"]
[Black "Shen, Yang"]
[Result "0-1"]
[WhiteElo "2486"]
[BlackElo "2453"]
[PlyCount "86"]
[EventDate "2009.09.17"]
[EventType "tourn"]
[EventRounds "7"]
[EventCountry "CHN"]
[EventCategory "10"]
[SourceTitle "CBM 132 Extra"]
[Source "ChessBase"]
[SourceDate "2009.11.03"]
[SourceVersion "1"]
[SourceVersionDate "2009.11.03"]
[SourceQuality "1"]

1. e4 e6 2. d4 d5 3. Nc3 Nf6 4. Bg5 Be7 5. e5 Nfd7 6. h4 c5 7. Bxe7 Kxe7 8. f4 Qb6 9. Qd2 Nc6 10. 0-0-0 cxd4 11. Na4 Qb4 12. Qxb4+ Nxb4 13. a3 Nc6 14. Nf3 b6 15. b4 f6 16. Bb5 Bb7 17. Nb2 fxe5 18. Bxc6 Bxc6 19. fxe5 a5 20. Nxd4 Bb7 21. b5 Rhf8 22. Nd3 Rac8 23. Rhf1 Rxf1 24. Rxf1 Rc4 25. Rf4 Nc5 26. Nxc5 bxc5 27. Ne2 d4 28. g3 Bd5 29. b6 g6 30. Kb2 h6 31. Nc1 Rc3 32. Nb3 g5 33. hxg5 hxg5 34. Rg4 Kf7 35. Rxg5 a4 36. Nd2 Re3 37. Nc4 Re2 38. Nd6+ Kf8 39. Kc1 Re1+ 40. Kb2 Re2 41. Kc1 Re1+ 42. Kd2 Rb1 43. Rh5 Bf3 0-1

[Event "Maotai Prince Cup Queens"]
[Site "Jinzhou"]
[Date "2009.09.22"]
[Round "5"]
[White "Ruan, Lufei"]
[Black "Hou, Yifan"]
[Result "1/2-1/2"]
[WhiteElo "2486"]
[BlackElo "2585"]
[PlyCount "101"]
[EventDate "2009.09.17"]
[EventType "tourn"]
[EventRounds "7"]
[EventCountry "CHN"]
[EventCategory "10"]
[SourceTitle "CBM 132 Extra"]
[Source "ChessBase"]
[SourceDate "2009.11.03"]
[SourceVersion "1"]
[SourceVersionDate "2009.11.03"]
[SourceQuality "1"]

1. e4 e6 2. d4 d5 3. Nc3 Bb4 4. e5 c5 5. a3 Bxc3+ 6. bxc3 Qa5 7. Bd2 Qa4 8. Qb1 c4 9. Nf3 Nc6 10. g3 Bd7 11. Bg2 0-0-0 12. 0-0 f6 13. Qb2 Nge7 14. Rab1 b6 15. Rbe1 Rde8 16. Re2 h6 17. h4 f5 18. Ree1 Reg8 19. Rb1 Be8 20. Qc1 Bg6 21. Ne1 Bh5 22. Bf3 Bxf3 23. Nxf3 Kd7 24. Kg2 Rb8 25. Rh1 b5 26. Ng1 Qa5 27. Ne2 Rhc8 28. Nf4 Qd8 29. a4 bxa4 30. Qa3 Qc7 31. Nh5 Rg8 32. Qxa4 Ke8 33. Rxb8+ Qxb8 34. Bc1 Kf7 35. Ba3 Qb7 36. Bd6 Nc8 37. Bc5 N8e7 38. Qa1 Qd7 39. Rb1 Rc8 40. Qa6 Rb8 41. Rxb8 Nxb8 42. Qa3 Nbc6 43. Qa6 Nb8 44. Qa3 Nbc6 45. Qa6 Qc8 46. Qa1 Qb7 47. Nf4 Qd7 48. Qa6 Qc8 49. Qa1 Qd7 50. Qa6 Qc8 51. Qa1 1/2-1/2

[Event "Beijing zt 3.5 (Women)"]
[Site "Beijing"]
[Date "2009.04.24"]
[Round "7"]
[White "Ruan, Lufei"]
[Black "Wang, Jue"]
[Result "1/2-1/2"]
[WhiteElo "2486"]
[BlackElo "2162"]
[PlyCount "68"]
[EventDate "2009.04.17"]
[EventType "tourn"]
[EventRounds "11"]
[EventCountry "CHN"]
[EventCategory "4"]
[SourceTitle "CBM 130 Extra"]
[Source "ChessBase"]
[SourceDate "2009.07.02"]
[SourceVersion "2"]
[SourceVersionDate "2009.07.15"]
[SourceQuality "1"]

1. e4 c5 2. Nf3 d6 3. d4 cxd4 4. Nxd4 Nf6 5. Nc3 e6 6. Be2 Be7 7. 0-0 0-0 8. f4 a6 9. Kh1 Qc7 10. a4 Nc6 11. Be3 Re8 12. Bf3 Bd7 13. Nb3 b6 14. g4 Bc8 15. g5 Nd7 16. Bg2 Bb7 17. Rf3 Nb4 18. Rh3 g6 19. Qd2 Nc5 20. Qf2 f5 21. exf5 exf5 22. Rd1 Bf8 23. Rd4 Ne4 24. Nxe4 Rxe4 25. Bd2 Rae8 26. Rxe4 Rxe4 27. Kg1 Qe7 28. Bxb4 Rxb4 29. Re3 Be4 30. Re1 Qb7 31. Bxe4 Rxe4 32. Rxe4 Qxe4 33. Nd4 Bg7 34. c3 Bxd4 1/2-1/2